| 000 | 00827nam a2200205 a 4500 | ||
|---|---|---|---|
| 003 | 0 | ||
| 005 | 20250319141901.0 | ||
| 008 | 060802s19uu xx 00 eng d | ||
| 050 |
_aPGS TP 994.C6.H66 _b.Sa194 2006 |
||
| 100 | _aSan Buenaventura, Geana Alecsa. | ||
| 245 |
_aA comparative study on the effects of shampoo with homemade coconut oil and shampoo with commercial coconut oil / _cGeana Alecsa San Buenaventura. |
||
| 260 |
_aLas PiƱas City, Philippines : _bSouthville International School and Colleges, _c2006. |
||
| 300 |
_a34 pages : _bcolored illustrations ; _c28 cm. |
||
| 504 | _aIncludes bibliographical references. | ||
| 650 |
_aCoconut oil _vAnalysis. |
||
| 650 |
_aShampoos _vComposition. |
||
| 650 |
_aHair _vCare and hygiene. |
||
| 650 |
_aNatural cosmetics _vComparative studies. |
||
| 942 |
_2lcc _cPASS |
||
| 999 |
_c97547 _d97547 |
||